000 00470nam a2200181 4500
003 LK-CoDNM
005 20240201123744.0
008 240201b |||||||| |||| 00| 0 eng d
020 _a9786245993017
040 _aLK-CoDNM
_dLK-CoDNM
_eLK-CoDNM
041 _aeng
080 _a32
_bHOO
110 _aHoole,Rajan/Hoole,Kirupaimalar
245 _aDemocracy Still Born
260 _aPuttalam
_bHussein Publishing House
_c2022
300 _a730p.,21cm
942 _n0
_cBK
999 _c144737
_d144737